Orthomodular Structures as Quantum Logics
Αποθηκεύτηκε σε:
| Κύριος συγγραφέας: | |
|---|---|
| Άλλοι συγγραφείς: | |
| Μορφή: | Βιβλίο |
| Γλώσσα: | English |
| Δημοσίευση: |
Dordrecht :
Kluwer Academic,
c1991
|
| Σειρά: | Fundamental theories of physics
|
| Θέματα: | |
| Ετικέτες: |
Προσθήκη ετικέτας
Δεν υπάρχουν, Καταχωρήστε ετικέτα πρώτοι!
|
MARC
| LEADER | 00000nam a2200000 i 4500 | ||
|---|---|---|---|
| 001 | 1/29751 | ||
| 008 | 960702s1991 eng d | ||
| 020 | |a 0-7923-1207-4 | ||
| 035 | |a 1995 |l 10038396 | ||
| 040 | |a GR-MY-UA |b gre |e aacr | ||
| 041 | 0 | |a eng | |
| 082 | 0 | |a 511.3 | |
| 100 | 1 | |a Ptak, Pavel. | |
| 245 | 1 | 0 | |a Orthomodular Structures as Quantum Logics / |c by Pavel Ptak and Sylvia Pulmannova |
| 260 | |a Dordrecht : |b Kluwer Academic, |c c1991 | ||
| 300 | |a 212 p.; |c 25 cm. | ||
| 490 | 1 | |a Fundamental theories of physics | |
| 500 | |a Includes bibliographical references and index | ||
| 650 | 0 | 0 | |a Logic, Symbolic and mathematical. |
| 650 | 0 | 0 | |a Quantum theory. |
| 650 | 0 | 0 | |a Probabilities. |
| 650 | 0 | 0 | |a Orthomodular lattices. |
| 700 | 1 | |a Pulmannova, Sylvia. | |
| 830 | 0 | |a Fundamental theories of physics | |
| 852 | |a INST |b SAMOS |e 19960702 |h 511.3 PTA |p 005300005387 |q 005300005387 |t BK |y 0 | ||
| 909 | |a Σ |b 041400 | ||